000 01612nam a2200313 i 4500
003 EG-GICUC
005 20260416132325.0
008 260305s1999 ua ||||fr|||| 00| 0 ara d
040 _a EG-GICUC
_bara
_c EG-GICUC
_d EG-GICUC
_erda
041 _aara
082 0 4 _221
_a343.603
_bع ب . م
092 0 4 _221
099 _aLaw1 10 343.603 ع ب . م 1999
100 0 _aعبدالرحيم صدقى
_eمؤلف.
245 1 0 _aموسوعة صدقى فى القانون الجنائى :
_bالقانون الجنائى وعلمى الإجرام والعقاب فى الظاهرة الإجرامية والعقاب دراسة تأصيلية علمية.
_nالمجلد الاول،
_pفى الظاهرة الإجرامية دراسة تأصيلية تحليلية فى الفقه المصرى المقارن /
_cتأليف دكتور عبدالرحيم صدقى..
264 1 _aجامعة القاهرة :
_bدار النصر للتوزيع والنشر،
_c1999.
300 _a274 صفحة ;
_c24 سم.
_bإيضاحيات، صور، مثيليات ؛
336 _2rda content
_atext
337 _2rda media
_aComputer
338 _2rda carrier
_aOnline Resource
490 _aموسوعة صدقى فى القانون الجنائى ;
_vالمجلد الاول
504 _aيشتمل على إرجاعات ببليوجرافية.
546 _aالنص باللغة العربية
650 1 _aالقانون الجنائي
650 1 _aعلم الإجرام
_xموسوعات / معاجم
856 4 0 _uhttps://fll.law.cu.edu.eg/fulltext/bks/B10-08703.pdf
905 _a43
_eYara
942 _2ddc
_n0
_cBK
_e21
999 _c65004
_d65004